| 000 | 01268nam a2200349 a 4500 | ||
|---|---|---|---|
| 001 | 000111745 | ||
| 003 | CHAP | ||
| 005 | 20220329144227.0 | ||
| 008 | 150723s2015 mx a fsm |||||||spa d | ||
| 010 | _a108206 | ||
| 011 | _a109178 | ||
| 040 | _cCHAP | ||
| 090 | _aTesis | ||
| 100 | 1 |
_aClavería Rojas, Berenice _9129695 |
|
| 245 | 1 | 0 |
_aCaracterización de recursos naturales en Zacualpan, Estado de México _h[En línea] _cpor Berenice Clavería Rojas. |
| 260 |
_aChapingo, Méx. : _bEl autor, _c2015. |
||
| 500 | _aPara ver el contenido del material haga clic en la liga | ||
| 502 | _aTesis (Ing. Agr. Esp. en Zootecnia) -- UACH. Departamento de Zootecnia | ||
| 590 |
_aBATCH _b00 _c20181121 _lUCH01 _h0759 |
||
| 590 |
_aE6096MTM _b05 _c20150723 _lUCH01 _h1455 |
||
| 590 |
_aE6096MTM _b05 _c20150723 _lUCH01 _h1457 |
||
| 650 | 1 | 4 |
_aBotánica _xMéxico (Edo.) _914593 |
| 650 | 1 | 4 |
_aImpacto ambiental. _957465 |
| 650 | 1 | 4 |
_aMinas y recursos minerales _xMéxico (Edo.) _975915 |
| 650 | 1 | 4 |
_aRecursos naturales _xAdministración _zMéxico (Edo.). _995181 |
| 650 | 1 | 4 |
_aVida silvestre _xMéxico (Edo.) _9119188 |
| 856 |
_a1 _n0001638 |
||
| 856 |
_aFinding aid _uhttp://10.13.5.2/tesis/sist111745.pdf _zTeclea aquí |
||
| 901 | _aBK | ||
| 942 | _cTESIS | ||
| 942 | _n0 | ||
| 999 |
_c108206 _d108206 |
||